Quizzes
Events
Quiz Creation
Community
Videos
Private Events
Remove Ads
Sign In
Join for FREE
Feedback
Dark Mode
Quiz Categories
Sports
Geography
Music
Movies
Television
Just For Fun
Miscellaneous
History
Literature
Language
Science
Gaming
Entertainment
Religion
Holiday
For Kids
Quiz Lab
Recent
Popular Today
Quiz Kudos Today
Editor Picks
Curator Picks
Quizzes by...
Day
Popularity
Type
Ratings
Length
Year
Community
Subscriptions
Recent Discussions
Orange Saloon
Badges
Playlists
Quests
Create
Leaderboards
Showdown
Live 5
Trivia Bingo
Activity
Puzzle Library
Sporcle Events
Private Events
Virtual Trivia
Globe League
Become a Host
Pub Owners
SporcleCon
Opinionation
Our Games
Videos
Blog
Mobile Apps
Partnerships
Remove Ads and Go Orange
Feedback
Television
TV Characters
TV Show
Sitcom
Network
Friends
Reality Shows
Cast
South Park
Star Trek
The Simpsons
Doctor Who
Television
TV Characters
TV Show
Sitcom
Network
Friends
Reality Shows
Cast
South Park
Star Trek
The Simpsons
Doctor Who
Random Quiz
Search Sporcle
×
Quiz Lab
Quiz Lab
Television
gentlemen
Type in answers that appear in a list
Type in answers that appear in a list
Classic
Best Score? Go Orange.
The League of Gentlemen Characters Stats
Can you name the The League of Gentlemen Characters?
By
She_Wolf82
10m
18 Questions
870 Plays
870 Plays
870 Plays
Comments
Comments
Give Quiz Kudos
Give Quiz Kudos
-
- Ratings
hide this ad
Replay
Link that replays current quiz
Next Quiz
Link to next quiz in quiz playlist
You Got
0%
They Got
Avg Score
81%
Avg Friend Score
Upgrade to see
Score Distribution
Jump to the score distribution portion of the page
Score
0/18
Timer
10:00
0
Plays Today
Hint
Character
% Correct
Counts the special things in the local shop
Tubbs Tattsyrup
98.7%
Restart Officer at the Job Centre
Pauline Campbell-Jones
97.8%
Owner of the local shop
Edward Tattsyrup
95.2%
Transexual taxi-
driver
Barbara Dixon
93.3%
Lives in the attic of the local shop
David Tattsyrup
86.9%
Is Pauline's finance-
ay..
Mickey M. Michaels
86.3%
The Restart Inspector
Ross Gaines
85.9%
Circus ringmaster selling pegs Dave.
Papa Lazarou
85.5%
Butcher who sells 'special stuff'..
Hilary Briss
82.4%
Hint
Character
% Correct
German exchange teacher. 'My very own Justin'..
Herr Lipp
82.3%
Normal; Nephew; Escapes Royston Vasey..
Benjamin Denton
82%
Better get the joke right or he'll shoot you in the head..
Geoff Tipps
77.1%
Toad Lover. Does not use the 'F' word...frogs.
Uncle Harvey
75.2%
Clumsy Veternarian
Matthew Chinnery
74.5%
'Excuse me! Would anybody like a bottle of Orange Juice'?
Pam Doove
71.8%
Her greatest wish in life is to have a son..
Auntie Val
70.6%
Favourite movies: 'Watership Down' and 'The Ass-
Master-
4'.
Pop
61.7%
Aethiest Priest
Rev. Bernice Woodall
58.7%
Quiz Playlist
Details
Report
Send in Message
Add To Playlist
Classic:
Type in answers that appear in a list
Last Updated: Feb 16, 2017
Quiz Scoreboard
CHALLENGE
Sign Up to Join the Scoreboard
Show All
Scores
Hide
Comments
May contain spoilers
Recently Published
Movies - When Are They Set?
by FPL_Elf
Movies
5m
Popular People in 1961
by mucciniale
History
6m
1-10 Letter E Words III
by El_Dandy
Language
2m
More to Explore
Quiz From the Vault
Featured Blog Post
Where Did the Easter Bunny Come From?
hide this ad
You Might Also Like...
Tags
Character
gentlemen
League
The League
Today's Top Quizzes in Television
Browse Television
hide this ad
Top Contributed Quizzes in Television
1
One Piece Logic Puzzle
2
Survivor Logic Puzzle: Heroes vs. Villains
3
Survivor Seasons
4
Survivor Season by Logo
5
Survivor Trivia
6
Survivor Logic Puzzle: Winners at War
7
Ultimate Survivor Logic Puzzle
8
Phoebe Buffay Quotes
9
One Thing in Common: Television
10
Who Wants to Be a Millionaire?
Explore More
Trending Topics
Crossword
Anime
Harry Potter
NBA
Disney
Kpop
Marvel
Soccer
Pokémon
Song
NFL
WWE
Puzzle
The Office
Country
hide this ad
More By:
She_Wolf82
Quiz
Plays
Rating
Category
Featured
Created
The League of Gentlemen Characters
870
4.60
Television
Mar 11, 2011
Sesame Street Characters
503
3.33
Television
Jan 6, 2012
Back to Back
487
3.17
Language
Mar 22, 2011
Hasbro Toys
438
3.00
Entertainment
Mar 22, 2011
Megadeth Songs
435
Music
Mar 26, 2014
Go to Creator's Profile
Score Distribution
Quiz Creator Spotlight
She_Wolf82
Follow
Send a Message
Quizzes Created
-
Created Quiz Play Count
-
More By This Creator
Popular Quizzes Today
1
Find the US States - No Outlines Minefield
2
Find the Countries of Europe - No Outlines Minefield
3
The Countries of the World
4
Popular People in 1961
5
1-10 Letter E Words III
6
US States
7
Find the US States
8
One Thing in Common: World Cities II
More Television Quizzes
TWD S4 - Who Survived?
Quiz Lab
Trending Quizzes
Risky Map Clicking: Least Populous States A-Z
1-10 Letter F Words
Humor Books: The Subtitles
1-10 Letter G Words
One Thing in Common: United Kingdom
Recently Updated
Leaping Animals
pecheneg
Reality TV Shows (A-Z)
bhenderson79
Rickey Henderson's Hall of Fame Teammates
pecheneg
Champions League XIs: Arsenal
pecheneg
Quick Pick: Celebrities in WWE's Hall of Fame
aduchscher
A-Z Keypad Blitz II
pecheneg
Multiple Oscar Actors
pecheneg
Mystery Phrase Blitz: Oscar 'Best Actors'
pecheneg
F. Scott Fitzgerald Novels
LTH
Pick 3 Villains
ddd62291
Trending Topics
Anime
Crossword
Disney
NBA
Marvel
Harry Potter
Kpop
NFL
Soccer
Country
Pokémon
Puzzle
WWE
The Office
Song
Your Account Isn't Verified!
In order to create a playlist on Sporcle, you need to verify the email address you used during registration. Go to your
Sporcle Settings
to finish the process.
Report this User
Report this user for behavior that violates our
Community Guidelines
.
Details:
Send Report
Go to the Sporcle.com Mobile Site →
Comments